Cơ sở lý thuyết hóa đại cương /

Saved in:
Bibliographic Details
Main Author: Pavlop, N. N.
Other Authors: Lê Chí Kiên (dịch.), Nguyễn Văn Thoại (dịch.)
Format: Book (Paper)
Language:Vietnamese
Published: H. : Đại học và Trung học Chuyên nghiệp, 1983.
Tags: Add Tag
No Tags, Be the first to tag this record!
Institutions: Thư viện Trường Đại học Đà Lạt
LEADER 00730nam a2200265 4500
001 DLU110122714
005 ##19990904
040 # # |a DLU  |b vie 
041 # # |a vie 
082 # # |a 540  |b PA-N 
100 # # |a Pavlop, N. N. 
245 # # |a Cơ sở lý thuyết hóa đại cương /  |c N. N. Pavlop; Lê Chí Kiên, Nguyễn Văn Thoại dịch. 
260 # # |a H. :  |b Đại học và Trung học Chuyên nghiệp,  |c 1983. 
300 # # |a 281 tr. ;  |c 27 cm. 
700 # # |a Lê Chí Kiên,  |e dịch. 
700 # # |a Nguyễn Văn Thoại,  |e dịch. 
992 # # |a 2088 
994 # # |a DLU 
900 # # |a True 
911 # # |a Trương Thị Mỹ Lệ 
925 # # |a G 
926 # # |a A 
927 # # |a SH 
980 # # |a Thư viện Trường Đại học Đà Lạt